|
|
|
|
| LEADER |
00000cam a2200000 7i4500 |
| 001 |
0000003982 |
| 005 |
20130815.0 |
| 020 |
0 |
0 |
|a 9789671026823
|
| 090 |
0 |
0 |
|a JPSM 333.9516
|b DAM
|
| 245 |
0 |
0 |
|a Hutan Simpan Kota Damansara, Selangor :
|b Ke arah pembentukan model hutan komuniti
|c Disunting oleh Yusoff Muda..[et.all]
|
| 260 |
0 |
0 |
|a Selangor :
|b Jabatan Perhutanan Negeri Selangor ,
|c 2012
|
| 300 |
|
|
|a 183 p. :
|b ill., col. ;
|c 26 cm.
|
| 440 |
0 |
0 |
|a Prosiding Ekspedisi Saintifik Kepelbagaian Biologi
|
| 500 |
0 |
0 |
|a Includes references
|
| 650 |
0 |
0 |
|a Biological diversity conservation
|z Hutan Simpan Kota Damansara, Selangor
|
| 650 |
0 |
0 |
|a Biological diversity
|z Hutan Simpan Kota Damansara, Selangor
|
| 700 |
0 |
1 |
|a A Latiff
|
| 700 |
0 |
1 |
|a Maketab Mohamad
|
| 700 |
0 |
1 |
|a Mohd. Basri Abdul Manaf
|
| 700 |
0 |
1 |
|a Wan Abdul Hamid Shukri Wan Abdul Rahman
|
| 710 |
1 |
1 |
|a Malaysia ,
|c Jabatan Perhutanan Semenanjung Malaysia
|
| 999 |
|
|
|a 007813
|b Monograph
|c Open Shelf
|e Default branch
|
| 999 |
|
|
|a 007814
|b Monograph
|c Open Shelf
|e Default branch
|